000
00256nam a2200097Ia 4500
001
706941
005
20250826162458.0
008
250824s9999 xx 000 0 und d
245
0
_a
SADELİK GÜZELDİR
_c
HALK KİTAPLARI
260
_b
DİYANET İŞLERİ YAYINLARI
999
_c
706941
_d
706941